| 000 | 01683nam0a2200337 4500 | ||
|---|---|---|---|
| 001 | RU\NLR\bibl\1813956 | ||
| 005 | 20240726023602.0 | ||
| 020 |
_aRU _b10-3914 _9Летопись авторефератов диссертаций |
||
| 021 |
_aRU _b2011-839а _9034аа |
||
| 035 | _a(NLR Aleph) 001804552 | ||
| 090 |
_a1800868 _c1800868 |
||
| 100 | _a20110708d2010 u u0rusy50 ca | ||
| 101 | 0 | _arus | |
| 102 | _aRU | ||
| 105 | _ay dm ||||| | ||
| 200 | 1 |
_aДетерминологизация английской экономической терминологии _e(лингвокультурный и функциональный аспект) _eавтореферат диссертации на соискание ученой степени кандидата филологических наук _eспециальность 10.02.04 <Германские языки> _fАкинин Юрий Владимирович _g[Междунар. ин-т рынка] |
|
| 210 |
_aСамара _d2010 |
||
| 215 |
_a26 с. _d21 |
||
| 320 | _aБиблиогр.: с. 26 (7 назв.) | ||
| 327 | 0 | _aМесто защиты: Поволж. гос. социал.-гуманитар. акад. | |
| 675 |
_a811.111 _v3 _zrus |
||
| 686 |
_a81.2Англ _2rubbk |
||
| 686 |
_a10.02.04 _2oksvnk |
||
| 700 | 1 |
_aАкинин _bЮ. В. _gЮрий Владимирович _4070 |
|
| 801 | 0 |
_aRU _bRKP _c20110708 _gPSBO |
|
| 801 | 1 |
_aRU _bRKP _c20110708 |
|
| 801 | 2 |
_aRU _bNLR _c20110928 _grcr |
|
| 901 | _eАвторефераты | ||
| 942 | _cBOOK | ||
| 981 | 1 | 0 | _a(10) Авторефераты |